[Event "Online Olym Div2 C 2021"]
[Site "chess.com INT"]
[Date "2021.09.02"]
[Round "1.4"]
[Board "3"]
[White "Jorge, Rita Maria Osorio"]
[Black "Gjergji, Rozana"]
[Result "1-0"]
[WhiteTitle "WFM"]
[BlackTitle "WCM"]
[WhiteElo "1961"]
[BlackElo "1920"]
[WhiteTeam "Portugal"]
[BlackTeam "Albania"]
[WhiteFideId "1923161"]
[BlackFideId "4700147"]
[EventDate "2021.09.02"]
[EventType "team"]

1. e4 e5 2. Nf3 Nc6 3. Bb5 a6 4. Ba4 d6 5. c3 f5 6. exf5 Bxf5 7. d4 e4 8. Bg5
Be7 9. Nh4 Bxg5 10. Nxf5 Qf6 11. Ng3 d5 12. O-O b5 13. Bb3 Nge7 14. a4 b4 15.
Nd2 a5 16. Qe2 Rd8 17. Rad1 h5 18. Qb5 h4 19. Ngxe4 Qf5 20. Nxg5 Qxg5 21. Nf3
Qf6 22. h3 O-O 23. Qd3 Nf5 24. Rde1 Nce7 25. Ne5 Qg5 26. Bc2 Rd6 27. Nf3 Qf4 28.
Re5 Rg6 29. Kh1 Rff6 30. Rfe1 Kf7 31. Qe2 Nc6 32. Rxd5 Kg8 33. Rxf5 Rxf5 34.
Bxf5 Rf6 35. Qe8+ 1-0

[Event "Online Olym Div2 C 2021"]
[Site "chess.com INT"]
[Date "2021.09.02"]
[Round "1.4"]
[Board "4"]
[White "Shabanaj, Eglantina"]
[Black "Monteiro, Sara Cristina da Silva"]
[Result "1-0"]
[WhiteTitle "WCM"]
[BlackTitle "WCM"]
[WhiteElo "2014"]
[BlackElo "1662"]
[WhiteTeam "Albania"]
[BlackTeam "Portugal"]
[WhiteFideId "4700562"]
[BlackFideId "1909860"]
[EventDate "2021.09.02"]
[EventType "team"]

1. d4 Nf6 2. c4 e5 3. d5 Bb4+ 4. Nc3 O-O 5. Bg5 d6 6. Nf3 Bg4 7. e3 Nbd7 8. Bd3
h6 9. Bxf6 Nxf6 10. e4 Nh5 11. h3 Bxf3 12. Qxf3 Nf4 13. Bc2 Qf6 14. O-O a6 15.
Nd1 Ng6 16. Qxf6 gxf6 17. g3 Bc5 18. Kg2 Kh8 19. Ne3 Rg8 20. Nf5 h5 21. Bd1 h4
22. Bg4 Kh7 23. Rh1 hxg3 24. fxg3 b5 25. cxb5 axb5 26. a3 Ra4 27. Kf3 Rga8 28.
h4 b4 29. h5 Nf8 30. Ne7 bxa3 31. Bf5+ Kh6 32. b3 Rd4 33. Kg4 Rd3 34. Rhf1 a2
35. Bc8 Bd4 36. Rxf6+ Kg7 37. Raf1 Kh7 38. Rxf7+ Kh8 39. Rxf8+ Kg7 40. R1f7+ Kh6
41. Nf5# 1-0

[Event "Online Olym Div2 C 2021"]
[Site "chess.com INT"]
[Date "2021.09.02"]
[Round "1.4"]
[Board "5"]
[White "Silva, Pedro Gil Ferreira Da"]
[Black "Ramaj, Ergit"]
[Result "1-0"]
[WhiteElo "2154"]
[BlackElo "1610"]
[WhiteTeam "Portugal"]
[BlackTeam "Albania"]
[WhiteFideId "1946102"]
[BlackFideId "4703669"]
[EventDate "2021.09.02"]
[EventType "team"]

1. e4 c5 2. Nf3 d6 3. d4 cxd4 4. Nxd4 Nf6 5. Nc3 g6 6. Be3 Bg7 7. Be2 O-O 8. O-O
Nc6 9. Nb3 e6 10. f4 a6 11. Bf3 Qc7 12. a4 Nb4 13. a5 d5 14. e5 Nd7 15. Ra4 Nc6
16. Ne2 b5 17. Ra1 Re8 18. Ned4 f6 19. Nxc6 Qxc6 20. Nd4 Qc7 21. Nxe6 Rxe6 22.
Qxd5 Nf8 23. Qxa8 fxe5 24. Bb6 Qd7 25. Rad1 Qe8 26. Rd8 Qf7 27. Qxc8 e4 28. Bg4
Rf6 29. Rd7 Qc4 30. Qxc4+ bxc4 31. Rxg7+ Kxg7 32. Bd4 1-0

[Event "Online Olym Div2 C 2021"]
[Site "chess.com INT"]
[Date "2021.09.02"]
[Round "1.4"]
[Board "6"]
[White "Shuqja, Klean"]
[Black "Soares, Sara Joana De Moura Pe"]
[Result "0-1"]
[WhiteTitle "WCM"]
[WhiteElo "1877"]
[BlackElo "1518"]
[WhiteTeam "Albania"]
[BlackTeam "Portugal"]
[WhiteFideId "4701585"]
[BlackFideId "1948172"]
[EventDate "2021.09.02"]
[EventType "team"]

1. e4 c5 2. Nf3 Nc6 3. Bb5 g6 4. O-O Bg7 5. Re1 Nf6 6. c3 O-O 7. d4 cxd4 8. cxd4
a6 9. Bxc6 dxc6 10. Nc3 Qc7 11. h3 Rd8 12. Be3 e6 13. Qd2 c5 14. Qe2 cxd4 15.
Bxd4 b5 16. Rac1 Qe7 17. Qe3 Bb7 18. Bc5 Qe8 19. Bb6 Rdc8 20. a3 Nd7 21. Bd4 e5
22. Bb6 Qe6 23. Ba5 Nc5 24. Bb4 Nb3 25. Rcd1 Nd4 26. Ng5 Qe8 27. Rf1 a5 28. Bd6
Qd7 29. f4 f6 30. fxe5 fxe5 31. Nf7 Re8 32. Bxe5 Bxe5 33. Nxe5 Rxe5 34. Rxd4 Qe7
35. Rfd1 Bc6 36. Qd3 Re8 37. Nd5 Bxd5 38. exd5 Re1+ 39. Kh2 Qd6+ 40. Qg3 Qxg3+
41. Kxg3 Rxd1 42. Rxd1 Rd8 43. Kf4 Kf7 44. Ke5 Ke7 45. d6+ Kd7 46. Kd5 Rc8 47.
Rf1 Rc2 48. Rf7+ Kd8 49. Rxh7 Rxb2 50. Ra7 a4 51. Rb7 Rb3 52. Ke6 Re3+ 53. Kf7
Rxa3 54. Rxb5 Rd3 55. Ke6 Re3+ 56. Kd5 Rg3 57. Ra5 Rg5+ 58. Kc6 Rxa5 0-1

[Event "Online Olym Div2 C 2021"]
[Site "chess.com INT"]
[Date "2021.09.02"]
[Round "1.5"]
[Board "1"]
[White "Nabaty, Tamir"]
[Black "Agrest, Evgenij"]
[Result "1-0"]
[WhiteTitle "GM"]
[BlackTitle "GM"]
[WhiteElo "2638"]
[BlackElo "2568"]
[WhiteTeam "Israel"]
[BlackTeam "Sweden"]
[WhiteFideId "2809052"]
[BlackFideId "1705024"]
[EventDate "2021.09.02"]
[EventType "team"]

1. Nf3 d5 2. g3 Nd7 3. d4 Nb6 4. Bg2 Bf5 5. O-O e6 6. b3 Nf6 7. c4 c6 8. Nbd2 h6
9. Bb2 Be7 10. Ne5 O-O 11. Rc1 Nbd7 12. Nef3 Bh7 13. a3 a5 14. e3 Qb8 15. Qe2
Rd8 16. Rfd1 Ne4 17. Ne1 Nxd2 18. Rxd2 a4 19. b4 Nb6 20. c5 Nc4 21. Rxc4 dxc4
22. Qxc4 Rd7 23. e4 Qe8 24. f4 Rad8 25. Qe2 Bf8 26. Nf3 f6 27. Bh3 Kh8 28. Qe3
Re7 29. Re2 Qh5 30. Kg2 g5 31. d5 g4 32. Bxf6+ Kg8 33. Bxg4 Qxg4 34. Ne5 Qh5 35.
d6 Red7 36. Qf3 Qxf3+ 37. Kxf3 Rxd6 38. cxd6 Rxd6 39. Nc4 Rd1 40. Nb2 Rf1+ 41.
Kg2 Ra1 42. Re3 Ra2 43. Kf3 b5 44. Bd4 Kf7 45. g4 Be7 46. h3 Ke8 47. f5 Bh4 48.
Rd3 Ra1 49. Nd1 Rb1 50. Ne3 Rh1 51. Kg2 Re1 52. Kf3 Rh1 53. Kf4 Rxh3 54. Ke5
exf5 55. gxf5 Kf7 56. Kd6 Bg3+ 57. Kxc6 Bf4 58. Kxb5 h5 59. Kc4 h4 60. Ng4 Rh1
61. Nf2 Rf1 62. Nh3 Bh6 63. Be3 Bxe3 64. Rxe3 Kf6 65. Kd4 Rd1+ 66. Rd3 Rf1 67.
Rc3 Bg8 68. Rc6+ Ke7 69. Ng5 Kd7 70. Rh6 Ra1 71. f6 Rf1 72. Ke5 Bb3 73. Rxh4 Rg1
74. Rh7+ Kc6 75. Ne6 Kb6 76. f7 1-0

[Event "Online Olym Div2 C 2021"]
[Site "chess.com INT"]
[Date "2021.09.02"]
[Round "1.5"]
[Board "2"]
[White "Blomqvist, Erik"]
[Black "Rodshtein, Maxim"]
[Result "1/2-1/2"]
[WhiteTitle "GM"]
[BlackTitle "GM"]
[WhiteElo "2536"]
[BlackElo "2599"]
[WhiteTeam "Sweden"]
[BlackTeam "Israel"]
[WhiteFideId "1709437"]
[BlackFideId "2806851"]
[EventDate "2021.09.02"]
[EventType "team"]

1. e4 e6 2. d4 d5 3. Nd2 c5 4. exd5 Qxd5 5. dxc5 Bxc5 6. Ngf3 Nf6 7. Bc4 Qc6 8.
Qe2 O-O 9. O-O Nbd7 10. Bd3 b6 11. Ne4 Bb7 12. Re1 Rac8 13. c3 Nxe4 14. Bxe4
Qxe4 15. Qxe4 Bxe4 16. Rxe4 Rfd8 17. Re1 h6 18. Be3 Bxe3 19. Rxe3 Nc5 20. Kf1 b5
21. Ke2 Na4 22. Rb1 Nb6 23. Rd3 Rxd3 24. Kxd3 Rd8+ 25. Kc2 Nc4 26. Ra1 Nb6 27.
Rd1 Rc8 28. Rd4 f6 29. Nd2 e5 30. Rd3 f5 31. f3 Kf7 32. Rd6 Ke7 33. Rg6 Kf7 34.
Rd6 b4 35. g4 bxc3 36. bxc3 fxg4 37. fxg4 Ke7 38. Rg6 Kf7 39. Rd6 Ke7 40. Rg6
Kf7 41. Rd6 1/2-1/2

[Event "Online Olym Div2 C 2021"]
[Site "chess.com INT"]
[Date "2021.09.02"]
[Round "1.5"]
[Board "3"]
[White "Shvayger, Yuliya"]
[Black "Cramling, Pia"]
[Result "1/2-1/2"]
[WhiteTitle "IM"]
[BlackTitle "GM"]
[WhiteElo "2351"]
[BlackElo "2455"]
[WhiteTeam "Israel"]
[BlackTeam "Sweden"]
[WhiteFideId "14100126"]
[BlackFideId "1700030"]
[EventDate "2021.09.02"]
[EventType "team"]

1. e4 c5 2. Nf3 d6 3. d4 cxd4 4. Nxd4 Nf6 5. Nc3 a6 6. g3 e5 7. Nb3 Be7 8. Bg2
Nbd7 9. a4 b6 10. O-O Bb7 11. Qe2 O-O 12. Nd2 Rc8 13. Nc4 Re8 14. Bg5 Qc7 15.
Ne3 h6 16. Bxf6 Nxf6 17. Rfd1 Qc5 18. Ra3 g6 19. h3 Red8 20. Rb3 Qc7 21. Bf3 Re8
22. Bg2 Qc5 23. Qd2 Bf8 24. Qe2 Red8 25. Bf3 Re8 26. Bg2 Red8 27. Bf3 Re8 28.
Bg2 1/2-1/2

[Event "Online Olym Div2 C 2021"]
[Site "chess.com INT"]
[Date "2021.09.02"]
[Round "1.5"]
[Board "4"]
[White "Agrest, Inna"]
[Black "Klinova, Masha"]
[Result "1/2-1/2"]
[WhiteTitle "WIM"]
[BlackTitle "IM"]
[WhiteElo "2256"]
[BlackElo "2263"]
[WhiteTeam "Sweden"]
[BlackTeam "Israel"]
[WhiteFideId "1708830"]
[BlackFideId "2802015"]
[EventDate "2021.09.02"]
[EventType "team"]

1. e4 d6 2. d4 Nf6 3. Nc3 e5 4. Nf3 exd4 5. Nxd4 Be7 6. h3 O-O 7. Be3 Nc6 8. Qf3
Nxd4 9. Bxd4 Be6 10. Bd3 Nd7 11. Nd5 Bxd5 12. exd5 Bf6 13. Bxf6 Re8+ 14. Kd2
Qxf6 15. Qxf6 Nxf6 16. c4 Ne4+ 17. Bxe4 Rxe4 18. b3 Rae8 19. Rae1 g5 20. Rxe4
Rxe4 21. a4 Kg7 1/2-1/2

[Event "Online Olym Div2 C 2021"]
[Site "chess.com INT"]
[Date "2021.09.02"]
[Round "1.5"]
[Board "5"]
[White "Bronstein, Or"]
[Black "Seo, Jung Min"]
[Result "1-0"]
[WhiteTitle "IM"]
[BlackTitle "IM"]
[WhiteElo "2484"]
[BlackElo "2469"]
[WhiteTeam "Israel"]
[BlackTeam "Sweden"]
[WhiteFideId "2815770"]
[BlackFideId "1734687"]
[EventDate "2021.09.02"]
[EventType "team"]

1. d4 Nf6 2. c4 g6 3. Nc3 Bg7 4. e4 d6 5. Be2 e5 6. d5 Nbd7 7. Qc2 a5 8. h4 h5
9. Nf3 Nc5 10. Ng5 Ng4 11. f3 Nh6 12. Be3 f6 13. Nh3 Nf7 14. O-O-O Bh6 15. Bxh6
Rxh6 16. Qd2 Rh8 17. Nf2 f5 18. exf5 gxf5 19. f4 Bd7 20. Nh3 Qf6 21. Ng5 O-O-O
22. g3 Qg6 23. Rhe1 Rde8 24. Bf1 Nh6 25. fxe5 dxe5 26. d6 Qxd6 27. Qxd6 cxd6 28.
Rxd6 Ng4 29. Nd5 Bc6 30. Nf6 Re7 31. Nd5 Ree8 32. Rg6 Nf2 33. Kc2 f4 34. Nf7
Rhf8 35. Nd6+ Kb8 36. Nxe8 Bxe8 37. Rg7 Nfe4 38. gxf4 exf4 39. Nc3 Bc6 40. Bd3
Nxd3 41. Kxd3 Ng3 42. Nd5 Nf5 43. Rg5 Nxh4 44. Rxh5 Ng2 45. Rf1 b5 46. b3 a4 47.
Rf2 f3 48. Ke4 axb3 49. axb3 Ne1 50. Re5 Kb7 51. Kd4 Ng2 52. Re7+ Kc8 53. Rc7+ 1-0

[Event "Online Olym Div2 C 2021"]
[Site "chess.com INT"]
[Date "2021.09.02"]
[Round "1.5"]
[Board "6"]
[White "Zaritovskaja, Margarita"]
[Black "Katkov, Michelle"]
[Result "0-1"]
[BlackTitle "WFM"]
[WhiteElo "2040"]
[BlackElo "2051"]
[WhiteTeam "Sweden"]
[BlackTeam "Israel"]
[WhiteFideId "14149249"]
[BlackFideId "2816393"]
[EventDate "2021.09.02"]
[EventType "team"]

1. e4 e5 2. Nf3 Nc6 3. Bc4 Bc5 4. c3 Nf6 5. d3 O-O 6. O-O d6 7. h3 Bb6 8. Bb3
Ne7 9. Bg5 Ng6 10. Nh4 Nf4 11. Qf3 Ne6 12. Bxf6 Qxf6 13. Qxf6 gxf6 14. Nf5 Nf4
15. Bc2 Kh8 16. Kh2 Bxf5 17. exf5 Rfe8 18. Nd2 Rad8 19. Ne4 Kg7 20. g3 Nd5 21.
Rad1 Ne7 22. g4 d5 23. Ng3 Rd6 24. Rde1 Ng8 25. f4 c6 26. g5 fxg5 27. fxe5 Rdd8
28. f6+ Kh8 29. d4 c5 30. Nf5 cxd4 31. cxd4 Rc8 32. Bb3 h6 33. Rc1 Rxc1 34. Rxc1
Rd8 35. Rd1 Kh7 36. Ne7 Nxe7 37. fxe7 Re8 38. Bxd5 Rxe7 39. Bb3 Kg6 40. Bc2+ Kg7
41. Kg3 Rc7 42. Bb3 f6 43. e6 Re7 44. Kf3 Bc7 45. Ke4 Kg6 46. Kd5 f5 47. Rc1 g4
48. hxg4 fxg4 49. Kc5 Bf4 50. Rf1 Rc7+ 51. Kd5 Kg5 52. Ke4 Bd6 53. d5 h5 54. Ba4
Rh7 55. Bc2 h4 56. Rf5+ Kh6 57. Ke3 Rc7 58. Ba4 h3 59. Kf2 g3+ 60. Kg1 Rc1+ 61.
Rf1 Bc5+ 0-1

[Event "Online Olym Div2 C 2021"]
[Site "chess.com INT"]
[Date "2021.09.02"]
[Round "2.1"]
[Board "1"]
[White "Stupak, Kirill"]
[Black "Agrest, Evgenij"]
[Result "1-0"]
[WhiteTitle "GM"]
[BlackTitle "GM"]
[WhiteElo "2492"]
[BlackElo "2568"]
[WhiteTeam "Belarus"]
[BlackTeam "Sweden"]
[WhiteFideId "13503758"]
[BlackFideId "1705024"]
[EventDate "2021.09.02"]
[EventType "team"]

1. d4 d5 2. Nf3 Nf6 3. g3 c6 4. Bg2 Bg4 5. O-O e6 6. c4 Be7 7. Nc3 O-O 8. Qb3
Qb6 9. c5 Qa6 10. Ne5 Bf5 11. f3 Nfd7 12. e4 Nxe5 13. exf5 Nc4 14. fxe6 fxe6 15.
f4 b6 16. cxb6 Qxb6 17. Qxb6 axb6 18. Bh3 Bf6 19. Bxe6+ Kh8 20. Rd1 Na6 21. b3
Nd6 22. Bb2 Rad8 23. Rac1 Rfe8 24. Bg4 b5 25. Rd2 g6 26. Ne2 Ne4 27. Rdd1 c5 28.
Bf3 Kg7 29. Kg2 Nd6 30. g4 c4 31. Bc3 b4 32. Be1 g5 33. Bg3 c3 34. fxg5 Bxg5 35.
Rc2 Nb5 36. Nf4 Na3 37. Rf2 Nb8 38. h4 Bxf4 39. Bxf4 Nc6 40. h5 c2 41. Rc1 Nxd4
42. Bg5 Rd6 43. Bd2 Rf6 44. Bxb4 Nab5 45. a4 Nxf3 46. axb5 Nh4+ 47. Kf1 Rb6 48.
Rcxc2 Rxb5 49. Rc7+ Kg8 50. Bc3 Rxb3 51. Bf6 Nf3 52. Rg7+ Kf8 53. Rxh7 Re1+ 54.
Kg2 Rg1+ 55. Kh3 Rh1+ 56. Kg3 Rg1+ 57. Kf4 Ne1 58. Kg5 Nf3+ 59. Kf4 Ne1 60. Ra2
Rf1+ 61. Kg5 Nf3+ 62. Kg6 Nh4+ 63. Bxh4 Rb6+ 64. Kg5 Kg8 65. Rc7 Rf8 66. Bf2 Re6
67. Bd4 1-0

[Event "Online Olym Div2 C 2021"]
[Site "chess.com INT"]
[Date "2021.09.02"]
[Round "2.1"]
[Board "2"]
[White "Blomqvist, Erik"]
[Black "Fedorov, Alexei"]
[Result "1-0"]
[WhiteTitle "GM"]
[BlackTitle "GM"]
[WhiteElo "2536"]
[BlackElo "2532"]
[WhiteTeam "Sweden"]
[BlackTeam "Belarus"]
[WhiteFideId "1709437"]
[BlackFideId "13500465"]
[EventDate "2021.09.02"]
[EventType "team"]

1. e4 c5 2. Nf3 e6 3. c3 Nf6 4. e5 Nd5 5. Bc4 b6 6. d4 cxd4 7. Qxd4 Ba6 8. Bxa6
Nxa6 9. O-O Be7 10. Qg4 g6 11. Bh6 f5 12. exf6 Nxf6 13. Qd4 Nc5 14. c4 Nce4 15.
h3 Bc5 16. Qd3 d5 17. Nc3 Qd6 18. Rad1 O-O-O 19. cxd5 Nxc3 20. Qxc3 Nxd5 21. Qc4
Kb8 22. Bg7 Qc6 23. Nd4 Qc7 24. Be5 Bd6 25. Qxc7+ 1-0

[Event "Online Olym Div2 C 2021"]
[Site "chess.com INT"]
[Date "2021.09.02"]
[Round "2.1"]
[Board "3"]
[White "Tarasenka, Aliaksandra"]
[Black "Cramling, Pia"]
[Result "1/2-1/2"]
[WhiteTitle "WFM"]
[BlackTitle "GM"]
[WhiteElo "2124"]
[BlackElo "2455"]
[WhiteTeam "Belarus"]
[BlackTeam "Sweden"]
[WhiteFideId "13514288"]
[BlackFideId "1700030"]
[EventDate "2021.09.02"]
[EventType "team"]

1. d4 Nf6 2. c4 e6 3. Nc3 Bb4 4. Nf3 O-O 5. Bg5 c5 6. Rc1 h6 7. Bh4 cxd4 8. Nxd4
b6 9. Nb5 Ba6 10. e3 Bxb5 11. cxb5 d5 12. Bd3 Nbd7 13. O-O Rc8 14. Ne2 Rxc1 15.
Qxc1 Ne5 16. Qc2 Qc8 17. Bxf6 Qxc2 18. Bxc2 gxf6 19. b3 Ba3 20. h3 Rc8 21. Bb1
f5 22. Kh2 Kf8 23. Kg3 Bd6 24. f4 Nd7 25. Kf3 h5 26. Rc1 Rxc1 27. Nxc1 Nf6 28.
Ne2 Ke7 29. Nd4 Kd7 30. Nc6 a5 31. Ne5+ Ke7 32. Nc6+ Kd7 33. Ne5+ Ke7 34. Nc6+
Kd7 1/2-1/2

[Event "Online Olym Div2 C 2021"]
[Site "chess.com INT"]
[Date "2021.09.02"]
[Round "2.1"]
[Board "4"]
[White "Agrest, Inna"]
[Black "Ilyuchyk, Yana"]
[Result "0-1"]
[WhiteTitle "WIM"]
[BlackTitle "WFM"]
[WhiteElo "2256"]
[BlackElo "2170"]
[WhiteTeam "Sweden"]
[BlackTeam "Belarus"]
[WhiteFideId "1708830"]
[BlackFideId "13508407"]
[EventDate "2021.09.02"]
[EventType "team"]

1. e4 c5 2. Nf3 Nc6 3. d4 cxd4 4. Nxd4 Nf6 5. Nc3 d6 6. Bg5 e6 7. Qd2 a6 8.
O-O-O Bd7 9. f3 Be7 10. h4 Nxd4 11. Qxd4 Qc7 12. Kb1 b5 13. g4 h5 14. gxh5 Nxh5
15. Rg1 Qc5 16. Be3 Qxd4 17. Rxd4 Rb8 18. Rd2 Rc8 19. Ne2 Bc6 20. Nc1 d5 21. e5
Bxh4 22. Rh2 Be7 23. f4 g6 24. Nd3 Kd7 25. f5 exf5 26. Bd4 Rhg8 27. e6+ fxe6 28.
Ne5+ Kd6 29. Rxg6 Rxg6 30. Nxg6 Bf6 31. Bf2 Rg8 32. Rxh5 Rxg6 33. a3 d4 34. Rh7
Rg7 35. Rh6 Be5 36. Bh3 Be4 37. b3 Rc7 0-1

[Event "Online Olym Div2 C 2021"]
[Site "chess.com INT"]
[Date "2021.09.02"]
[Round "2.1"]
[Board "6"]
[White "Zaritovskaja, Margarita"]
[Black "Poliakova, Varvara"]
[Result "0-1"]
[WhiteElo "2040"]
[BlackElo "1944"]
[WhiteTeam "Sweden"]
[BlackTeam "Belarus"]
[WhiteFideId "14149249"]
[BlackFideId "13518313"]
[EventDate "2021.09.02"]
[EventType "team"]

1. e4 e5 2. Nf3 Nc6 3. Bc4 Bc5 4. c3 Nf6 5. d3 a6 6. Bb3 Ba7 7. O-O d6 8. h3 h6
9. Nbd2 O-O 10. Re1 Nh5 11. Nf1 Qf6 12. Be3 Nf4 13. Bxf4 exf4 14. d4 Qg6 15. Kh1
Re8 16. Bc2 Qh5 17. Qd3 Ne7 18. N1h2 Be6 19. Qd2 Ng6 20. e5 Bf5 21. exd6 cxd6
22. Bxf5 Qxf5 23. Rxe8+ Rxe8 24. Re1 Re4 25. Qd1 Qe6 26. Rxe4 Qxe4 27. Nf1 Ne7
28. N1d2 Qe6 29. Qa4 Nd5 30. Kg1 g5 31. Kf1 Kg7 32. Qb3 Nb6 33. c4 Kf6 34. a4 a5
35. Qc3 Qd7 36. Qxa5 Qxa4 37. Qc3 Ke7 38. Ne1 Qc6 39. b3 Nd7 40. Qd3 Nf6 41.
Nef3 Bb6 42. Qf5 Qd7 43. Qd3 Qe6 44. d5 Qd7 45. Ne4 Qf5 46. Nfd2 Ba5 47. Qe2
Bxd2 48. Nxf6+ Kxf6 49. Qxd2 Qb1+ 50. Ke2 Qxb3 51. Qd4+ Kg6 52. c5 Qc2+ 53. Kf3
Qxc5 54. Qe4+ Kg7 55. Ke2 b5 56. Kd2 b4 57. Ke2 b3 0-1

[Event "Online Olym Div2 C 2021"]
[Site "chess.com INT"]
[Date "2021.09.02"]
[Round "2.2"]
[Board "1"]
[White "Ashiku, Franc"]
[Black "Smirin, Ilia"]
[Result "0-1"]
[WhiteTitle "IM"]
[BlackTitle "GM"]
[WhiteElo "2421"]
[BlackElo "2616"]
[WhiteTeam "Albania"]
[BlackTeam "Israel"]
[WhiteFideId "4700066"]
[BlackFideId "2801990"]
[EventDate "2021.09.02"]
[EventType "team"]

1. d4 Nf6 2. c4 g6 3. Nc3 Bg7 4. e4 d6 5. Nf3 O-O 6. h3 e5 7. d5 a5 8. Be3 Na6
9. Nd2 Nc5 10. g4 c6 11. Be2 a4 12. Qc2 Bd7 13. b4 axb3 14. Nxb3 cxd5 15. cxd5
Na4 16. Nxa4 Bxa4 17. f3 Nd7 18. h4 Nc5 19. Rb1 Qe7 20. Qd2 b6 21. Nxc5 bxc5 22.
Kf2 f5 23. Kg2 fxg4 24. fxg4 Bd7 25. Rb7 Qd8 26. h5 Rf7 27. Kg3 Ra3 28. Rb3 Ra4
29. Qc2 Bf6 30. Rb7 Bg5 31. Bxg5 Qxg5 32. Rb8+ Rf8 33. Rxf8+ Kxf8 34. Bf3 Ra3
35. Qc1 Qxg4+ 0-1

[Event "Online Olym Div2 C 2021"]
[Site "chess.com INT"]
[Date "2021.09.02"]
[Round "2.2"]
[Board "2"]
[White "Roiz, Michael"]
[Black "Pasko, Llambi"]
[Result "1-0"]
[WhiteTitle "GM"]
[BlackTitle "IM"]
[WhiteElo "2580"]
[BlackElo "2411"]
[WhiteTeam "Israel"]
[BlackTeam "Albania"]
[WhiteFideId "2804158"]
[BlackFideId "4701178"]
[EventDate "2021.09.02"]
[EventType "team"]

1. Nf3 Nf6 2. g3 d5 3. Bg2 c6 4. c4 e6 5. O-O Nbd7 6. d4 Bd6 7. Nfd2 O-O 8. Nc3
Re8 9. e4 e5 10. dxe5 Nxe5 11. cxd5 cxd5 12. Nxd5 Nxd5 13. exd5 Bg4 14. f3 Bc5+
15. Kh1 Nd3 16. fxg4 Re1 17. Qxe1 Nxe1 18. Rxe1 Rc8 19. Ne4 Bb4 20. Re2 Qd7 21.
h3 Qb5 22. Rf2 Qd3 23. Bd2 Bf8 24. Bc3 b5 25. a3 Rc4 26. Re1 Rc7 27. d6 Rd7 28.
Rd2 Qc4 29. Red1 h5 30. gxh5 f5 31. Nf6+ 1-0

[Event "Online Olym Div2 C 2021"]
[Site "chess.com INT"]
[Date "2021.09.02"]
[Round "2.2"]
[Board "4"]
[White "Lahav, Michal"]
[Black "Shabanaj, Eglantina"]
[Result "1-0"]
[WhiteTitle "WIM"]
[BlackTitle "WCM"]
[WhiteElo "2127"]
[BlackElo "2014"]
[WhiteTeam "Israel"]
[BlackTeam "Albania"]
[WhiteFideId "2813742"]
[BlackFideId "4700562"]
[EventDate "2021.09.02"]
[EventType "team"]

1. e4 g6 2. d4 Bg7 3. Nc3 d6 4. g3 Nd7 5. Bg2 Ngf6 6. Nge2 c6 7. O-O O-O 8. h3
Qc7 9. Be3 e5 10. Qd2 Re8 11. Rad1 Nb6 12. b3 Bd7 13. g4 Rad8 14. Ng3 Bc8 15. a4
Nbd7 16. g5 Nh5 17. Nxh5 gxh5 18. Qe2 exd4 19. Bxd4 Ne5 20. Qxh5 Ng6 21. Bxg7
Kxg7 22. f4 Qb6+ 23. Kh1 Qe3 24. Rd3 Qc5 25. Rg3 d5 26. f5 Ne5 27. Qh6+ Kg8 28.
g6 hxg6 29. fxg6 fxg6 30. Rxg6+ Nxg6 31. Qxg6+ Kh8 32. Rf7 1-0

[Event "Online Olym Div2 C 2021"]
[Site "chess.com INT"]
[Date "2021.09.02"]
[Round "2.2"]
[Board "5"]
[White "Ramaj, Ergit"]
[Black "Parkhov, Yair"]
[Result "0-1"]
[BlackTitle "IM"]
[WhiteElo "1610"]
[BlackElo "2434"]
[WhiteTeam "Albania"]
[BlackTeam "Israel"]
[WhiteFideId "4703669"]
[BlackFideId "2813408"]
[EventDate "2021.09.02"]
[EventType "team"]

1. e4 g6 2. d4 Bg7 3. Nc3 d6 4. Be3 a6 5. a4 Nc6 6. h3 Nf6 7. Nf3 O-O 8. Be2 e6
9. O-O b6 10. Qd2 Bb7 11. Bh6 Qe7 12. Bxg7 Kxg7 13. e5 dxe5 14. dxe5 Nd7 15. Qf4
Qb4 16. Ne4 Nd4 17. Bd3 Nxf3+ 18. Qxf3 f5 19. exf6+ Nxf6 20. Rfe1 Nxe4 21. Rxe4
Bxe4 22. Qxe4 Qxe4 23. Bxe4 Rad8 24. Bd3 a5 25. Re1 Rd6 26. Re4 Rf5 27. Rc4 Rc5
28. Re4 e5 29. f3 Rd4 30. Re2 Rxa4 31. b3 Rb4 32. Kf2 Kf6 33. g4 b5 34. Ke3 a4
35. bxa4 bxa4 36. Re1 a3 37. Ra1 Ra5 38. Kd2 a2 39. c3 Rb2+ 40. Bc2 Ra3 41. Kc1
Rb6 42. c4 Kg5 0-1

[Event "Online Olym Div2 C 2021"]
[Site "chess.com INT"]
[Date "2021.09.02"]
[Round "2.2"]
[Board "6"]
[White "Levitan, Ronit"]
[Black "Shuqja, Klean"]
[Result "1-0"]
[WhiteTitle "WCM"]
[BlackTitle "WCM"]
[WhiteElo "2171"]
[BlackElo "1877"]
[WhiteTeam "Israel"]
[BlackTeam "Albania"]
[WhiteFideId "2815109"]
[BlackFideId "4701585"]
[EventDate "2021.09.02"]
[EventType "team"]

1. e4 d5 2. exd5 Qxd5 3. Nc3 Qd8 4. d4 Nf6 5. Nf3 Bg4 6. h3 Bxf3 7. Qxf3 c6 8.
Be3 e6 9. O-O-O Bb4 10. Ne4 Nxe4 11. Qxe4 Qd5 12. Qxd5 cxd5 13. c3 Bd6 14. Bd3
Nd7 15. Rhe1 O-O 16. Kb1 a6 17. g4 b5 18. a3 Nb6 19. f4 Nc4 20. Bc1 Rfe8 21. f5
exf5 22. Bxf5 Bg3 23. Rxe8+ Rxe8 24. Bd7 Re7 25. Bc6 Nb6 26. Rd3 Bf2 27. Rf3 Bg1
28. Rf1 Bh2 29. Rf2 Bg1 30. Rg2 Re1 31. Kc2 Be3 32. Bxe3 Rxe3 33. Bb7 a5 34. Ba6
b4 35. axb4 axb4 36. Re2 Rxe2+ 37. Bxe2 bxc3 38. Kxc3 Kf8 39. Kb4 Ke7 40. Kb5
Nc8 41. Kc5 Ke6 42. Bf3 Ne7 43. b4 g6 44. b5 f5 45. gxf5+ Kxf5 46. b6 Nc8 47. b7 1-0

[Event "Online Olym Div2 C 2021"]
[Site "chess.com INT"]
[Date "2021.09.02"]
[Round "2.3"]
[Board "1"]
[White "Kalezic, Blazo"]
[Black "Rocha, Sergio"]
[Result "1-0"]
[WhiteTitle "IM"]
[BlackTitle "IM"]
[WhiteElo "2434"]
[BlackElo "2344"]
[WhiteTeam "Montenegro"]
[BlackTeam "Portugal"]
[WhiteFideId "921815"]
[BlackFideId "1900404"]
[EventDate "2021.09.02"]
[EventType "team"]

1. e4 d5 2. exd5 Qxd5 3. Nc3 Qa5 4. d4 Nf6 5. Nf3 c6 6. Bc4 Bf5 7. O-O Nbd7 8.
Re1 e6 9. h3 Bb4 10. Bd2 O-O 11. a3 Bxc3 12. Bxc3 Qc7 13. b4 b5 14. Bf1 Nd5 15.
Bd2 h6 16. a4 a6 17. a5 Qd6 18. c3 Rae8 19. Rc1 Bg6 20. Qb3 Bh5 21. Ne5 Nxe5 22.
dxe5 Qd7 23. c4 Ne7 24. Be3 Rc8 25. Bc5 Rfd8 26. g4 Bg6 27. Red1 Qb7 28. Rd6
bxc4 29. Qxc4 Nd5 30. Qxa6 Qb8 31. Qc4 h5 32. a6 hxg4 33. hxg4 Re8 34. a7 Qb7
35. Qa6 Qc7 36. b5 cxb5 37. Bxb5 Red8 38. Rc6 Qxe5 39. Rxc8 Qf4 40. Rxd8+ Kh7
41. Qa3 Qxc1+ 42. Qxc1 1-0